| 000 | 00577nam a2200205 a 4500 | ||
|---|---|---|---|
| 001 | 000012853 | ||
| 005 | 20200929163104.0 | ||
| 008 | 091117s1984 cu 001 j spa d | ||
| 040 |
_aDO-SdBNP _bspa _cBNPHU |
||
| 082 |
_aCu863.44 _bB151h |
||
| 100 | 1 |
_aBahr, Aida, _d1958- _929733 |
|
| 245 | 1 | 0 |
_aHay un gato en la ventana / _cAida Bahr. |
| 260 |
_aLa Habana : _bLetras Cubanas, _c1984. |
||
| 300 |
_a72, [3] p. ; _c19 cm. |
||
| 490 | 1 | _aEspiral | |
| 650 | 4 |
_aNovela cubana _92316 |
|
| 650 | 4 |
_aLiteratura cubana _ySIGLO XX _99186 |
|
| 830 | 0 |
_aEspiral _914718 |
|
| 049 | _aBNGR | ||
| 999 |
_c12501 _d12501 |
||